000 00552nam a2200181Ia 4500
005 20250508154724.0
008 008 250505s9999 xx 000 0 eng d
037 _aTextual
040 _aFEDL
_beng
_cFEDL
041 _aeng
_2eng
084 _a370.193, SHA
_qFEDL
100 _aShaftel Fannie R.
_9765932
245 0 _aRole-Playing for social values : Decision-making in the social studies
260 _aEnglewood Cliffs
_b Prentice-Hall
_c1967
300 _axv,431p.
942 _cTEXL
_h370.193, SHA
999 _c1351791
_d1351791